000 00896nam0a22002771 4500
001 rc\2925477
005 20250806211456.0
035 _a(NLR Aleph) 007075324
090 _a18214
_c18214
100 _a20110816d1943 u y0rusy50 ca
101 0 _arus
102 _aRU
105 _aa z |||||
200 1 _aКак уберечь животных от болезней
_fЯ.Я. Шапиро
210 _aМосква
_cОгиз
_cСельхозгиз
_d1943
215 _a192 с.
_cил.
_d17 см
225 1 _aБиблиотечка колхозного животновода
700 1 _aШапиро
_bА.Я.
_gАлександр Яковлевич
801 0 _aRU
_bNLR
_gpsbo
801 1 _aRU
_bELAR
_2rusmarc
852 _aNLR
_jС80 Г-1/2
942 _cBOOK
945 _aРоссийская национальная библиотека
980 _aNB
980 _aBV